000 00729nam a22002297a 4500
003 UA-OsUOA
001 54323
007 ta
008 20170830b un ||||| |||| 00| 0 ukr d
090 _a22
_bЕ13
942 _cBK
040 _aUA-OsUOA
_bukr
_cUA-OsUOA
_dUA-OsUOA
245 _aЕвангелия
_b2000 лет в западноевропейском изобразительном искусстве
300 _a608 с.
955 _a4
041 _aukr
080 _a22
260 _aМ.
_bОЛМА Медиа Групп
_c2007
650 7 _a22 Біблія. Святе писання
_2UDC
999 _c434439
_d434439